西日本の336市 - Statistics

General Stats
  • This quiz has been taken 226 times
    222 since last reset
  • The average score is 239 of 336
Answer Stats
都道府県 Answer % Correct
三重県
98%
兵庫県 神戸
90%
大阪府 大阪
88%
島根県 松江
88%
岡山県 岡山
88%
京都府 京都
87%
和歌山県 和歌山
87%
鳥取県 鳥取
87%
島根県 出雲
87%
岡山県 倉敷
87%
大分県 大分
87%
宮崎県 宮崎
87%
三重県 松阪
85%
三重県 志摩
85%
滋賀県 大津
85%
滋賀県 草津
85%
兵庫県 姫路
85%
兵庫県 尼崎
85%
奈良県 奈良
85%
鳥取県 米子
85%
岡山県 津山
85%
香川県 高松
85%
愛媛県 松山
85%
福岡県 北九州
85%
福岡県 福岡
85%
熊本県 熊本
85%
鹿児島県 鹿児島
85%
三重県 四日市
83%
滋賀県 彦根
83%
大阪府 高槻
83%
大阪府 和泉
83%
兵庫県 明石
83%
広島県 広島
83%
広島県 福山
83%
山口県 山口
83%
山口県 岩国
83%
高知県 高知
83%
大分県 別府
83%
沖縄県 那覇
83%
三重県 伊勢
82%
滋賀県 長浜
82%
京都府 福知山
82%
京都府 宇治
82%
大阪府
82%
大阪府 泉佐野
82%
大阪府 東大阪
82%
鳥取県 倉吉
82%
鳥取県 境港
82%
広島県
82%
広島県 三原
82%
広島県 尾道
82%
山口県 下関
82%
徳島県 徳島
82%
愛媛県 宇和島
82%
佐賀県 佐賀
82%
長崎県 長崎
82%
宮崎県 延岡
82%
沖縄県 沖縄
82%
滋賀県 近江八幡
80%
滋賀県 米原
80%
京都府 舞鶴
80%
京都府 長岡京
80%
大阪府 吹田
80%
兵庫県 相生
80%
兵庫県 豊岡
80%
兵庫県 赤穂
80%
和歌山県 新宮
80%
島根県 浜田
80%
山口県 宇部
80%
香川県 丸亀
80%
香川県 坂出
80%
愛媛県 今治
80%
福岡県 久留米
80%
長崎県 佐世保
80%
宮崎県 都城
80%
宮崎県 日向
80%
鹿児島県 霧島
80%
三重県 鈴鹿
78%
三重県 熊野
78%
三重県 伊賀
78%
滋賀県 甲賀
78%
京都府 亀岡
78%
京都府 八幡
78%
大阪府 岸和田
78%
大阪府 池田
78%
兵庫県 芦屋
78%
兵庫県 加古川
78%
奈良県 大和郡山
78%
奈良県 橿原
78%
奈良県 生駒
78%
和歌山県 田辺
78%
広島県 東広島
78%
山口県
78%
愛媛県 四国中央
78%
高知県 安芸
78%
高知県 四万十
78%
佐賀県 唐津
78%
佐賀県 鳥栖
78%
長崎県 諫早
78%
熊本県 八代
78%
宮崎県 日南
78%
鹿児島県 出水
78%
鹿児島県 指宿
78%
三重県 鳥羽
77%
滋賀県 東近江
77%
京都府 綾部
77%
京都府 京田辺
77%
大阪府 寝屋川
77%
島根県 益田
77%
岡山県 瀬戸内
77%
山口県
77%
愛媛県 西条
77%
長崎県 大村
77%
熊本県 天草
77%
大分県 中津
77%
大分県 佐伯
77%
鹿児島県 枕崎
77%
鹿児島県 薩摩川内
77%
沖縄県 石垣
77%
滋賀県 高島
75%
京都府 宮津
75%
大阪府 泉大津
75%
大阪府 枚方
75%
大阪府 茨木
75%
大阪府 泉南
75%
兵庫県 西宮
75%
奈良県 天理
75%
和歌山県 橋本
75%
島根県 安来
75%
広島県 廿日市
75%
山口県 周南
75%
山口県 山陽小野田
75%
徳島県 鳴門
75%
徳島県 三好
75%
香川県 善通寺
75%
香川県 観音寺
75%
香川県 東かがわ
75%
愛媛県 新居浜
75%
福岡県 大牟田
75%
滋賀県 栗東
73%
京都府 京丹後
73%
京都府 木津川
73%
兵庫県 宝塚
73%
兵庫県 南あわじ
73%
和歌山県 有田
73%
島根県 雲南
73%
高知県 南国
73%
高知県 土佐
73%
熊本県 水俣
73%
熊本県 玉名
73%
熊本県 阿蘇
73%
鹿児島県 志布志
73%
沖縄県 うるま
73%
三重県 桑名
72%
三重県 尾鷲
72%
滋賀県 野洲
72%
兵庫県 丹波
72%
兵庫県 淡路
72%
兵庫県 たつの
72%
奈良県 桜井
72%
和歌山県 海南
72%
和歌山県 紀の川
72%
島根県 大田
72%
広島県 三次
72%
徳島県 小松島
72%
香川県 さぬき
72%
愛媛県 伊予
72%
高知県 室戸
72%
高知県 宿毛
72%
佐賀県 伊万里
72%
佐賀県 武雄
72%
長崎県 島原
72%
長崎県 対馬
72%
大分県 由布
72%
沖縄県 名護
72%
沖縄県 宮古島
72%
三重県 名張
70%
京都府 南丹
70%
大阪府 豊中
70%
大阪府 八尾
70%
大阪府 摂津
70%
兵庫県 伊丹
70%
兵庫県 三田
70%
兵庫県 加西
70%
奈良県 五條
70%
岡山県 笠岡
70%
岡山県 高梁
70%
岡山県 新見
70%
岡山県 備前
70%
岡山県 美作
70%
山口県 長門
70%
香川県 三豊
70%
長崎県 壱岐
70%
長崎県 五島
70%
熊本県 人吉
70%
大分県 日田
70%
大分県 竹田
70%
三重県 亀山
68%
京都府 向日
68%
大阪府 富田林
68%
大阪府 河内長野
68%
大阪府 柏原
68%
大阪府 高石
68%
兵庫県 三木
68%
兵庫県 川西
68%
兵庫県 丹波篠山
68%
兵庫県 加東
68%
奈良県 大和高田
68%
和歌山県 御坊
68%
和歌山県 岩出
68%
島根県 江津
68%
徳島県 阿波
68%
愛媛県 八幡浜
68%
愛媛県 西予
68%
高知県 須崎
68%
福岡県 飯塚
68%
福岡県 筑後
68%
熊本県 宇土
68%
大分県 宇佐
68%
滋賀県 守山
67%
大阪府 守口
67%
大阪府 大東
67%
兵庫県 高砂
67%
山口県 美祢
67%
徳島県 吉野川
67%
愛媛県 大洲
67%
福岡県 直方
67%
福岡県 田川
67%
福岡県 糸島
67%
大分県 国東
67%
鹿児島県 鹿屋
67%
鹿児島県 いちき串木野
67%
鹿児島県 奄美
67%
沖縄県 宜野湾
67%
滋賀県 湖南
65%
大阪府 松原
65%
大阪府 箕面
65%
大阪府 交野
65%
大阪府 阪南
65%
兵庫県 洲本
65%
岡山県 玉野
65%
広島県 竹原
65%
広島県 大竹
65%
山口県 下松
65%
山口県 柳井
65%
徳島県 阿南
65%
高知県 土佐清水
65%
高知県 香南
65%
高知県 香美
65%
福岡県 八女
65%
福岡県 宗像
65%
福岡県 太宰府
65%
長崎県 松浦
65%
大分県 豊後高田
65%
大分県 杵築
65%
三重県 いなべ
63%
京都府 城陽
63%
大阪府 羽曳野
63%
大阪府 四條畷
63%
兵庫県 朝来
63%
岡山県 総社
63%
岡山県 赤磐
63%
広島県 庄原
63%
山口県 防府
63%
愛媛県 東温
63%
福岡県 行橋
63%
福岡県 筑紫野
63%
福岡県 春日
63%
熊本県 宇城
63%
大分県 臼杵
63%
宮崎県 小林
63%
宮崎県 えびの
63%
鹿児島県 南九州
63%
大阪府 門真
62%
兵庫県 小野
62%
兵庫県 養父
62%
兵庫県 宍粟
62%
奈良県 御所
62%
広島県 安芸高田
62%
広島県 江田島
62%
長崎県 雲仙
62%
長崎県 南島原
62%
熊本県 上天草
62%
鹿児島県 南さつま
62%
鹿児島県 姶良
62%
沖縄県 浦添
62%
奈良県 香芝
60%
岡山県 井原
60%
岡山県 真庭
60%
福岡県 柳川
60%
福岡県 豊前
60%
福岡県 大野城
60%
佐賀県 嬉野
60%
佐賀県 神埼
60%
大分県 豊後大野
60%
宮崎県 西都
60%
沖縄県 豊見城
60%
大阪府 貝塚
58%
大阪府 大阪狭山
58%
奈良県 宇陀
58%
広島県 府中
58%
徳島県 美馬
58%
佐賀県 鹿島
58%
長崎県 平戸
58%
熊本県 荒尾
58%
大阪府 藤井寺
57%
岡山県 浅口
57%
福岡県 うきは
57%
長崎県 西海
57%
鹿児島県 阿久根
57%
沖縄県 糸満
57%
兵庫県 西脇
55%
福岡県 大川
55%
福岡県 福津
55%
大分県 津久見
55%
鹿児島県 西之表
55%
鹿児島県 垂水
55%
鹿児島県 曽於
55%
沖縄県 南城
55%
福岡県 宮若
53%
福岡県 朝倉
53%
熊本県 菊池
53%
宮崎県 串間
53%
鹿児島県 日置
53%
鹿児島県 伊佐
53%
奈良県 葛城
52%
福岡県 小郡
52%
福岡県 那珂川
52%
佐賀県 多久
52%
熊本県 山鹿
52%
福岡県 中間
50%
福岡県 みやま
50%
佐賀県 小城
50%
福岡県 古賀
48%
福岡県 嘉麻
43%
熊本県 合志
42%
No matching quizzes found
Score Distribution
Percent of People with Each Score
Percentile by Number Answered
Your Score History
You have not taken this quiz since the last reset